Регионална библиотека "Любен Каравелов" - Русе

Бели дъждове | Изплашени (Запис номер 370667)

MARC детайли
000 -Лидер
Контролно поле с фиксирана дължина 01113nam a2200301 c 4500
003 - Код на организацията, давaща контролен номер
Контролно поле BLK
005 - Дата и час на последна редакция
Контролно поле 20200624115037.0
008 - Елементи от данни с фиксирана дължина
fixed length control field 180407b bul|||||r ||||||| ||bul||
010 ## - Наследен системен номер
LC control number KNG00035411000
020 ## - Международен стандартен номер на книга ISBN
Международен стандартен номер на книга ISBN 954-739-115-1
040 ## - Източник на каталожния запис
Идентификатор на билиотеката - собственик на записа BLK
041 ## - Код за език
Код за езика на текст/звукозапис или на отделно заглавие Български
Код за езика КДБФ Български
080 ## - УДК
Текстов определител УДК Българска литература
УДК код - определител по УДК 821.163.2
УДК - код + определител 821.163.2-32
100 1# - Редна дума - Автор
Автор Ерулски, Иван
Авторска отговорност първи автор
Автор - информация (биография) Гюров, Иван Тасов
R(LIN) 67568
139 ## - Редно поле
Редна дума Ерулски, Иван
Авторски знак Еру - Е 84
245 10 - Сведения за заглавието
Заглавие Бели дъждове
Подзаглавни данни Новели
Редно поле (дума) Иван Ерулски; * Иван Тасов Гюров.
245 10 - Сведения за заглавието
Заглавие Изплашени
Редно поле (дума) Иван Хранов
257 ## - Страна на издаване
Страна на създаване/издаване България
260 ## - Област на издателските данни
Име на издателя, разпространителя и проч. Ропотамо-90
Година на издаване 1993
9 (RLIN) 416365
Място на издаване, разпространение и проч. София
300 ## - Физическа характеристика
Страници 32 с.
Илюстрации и др. с ил.
Размери/Мащаб 20 см
380 ## - Жанр
Жанр Худож. лит.
500 ## - Общи забележки
Забележка Иван Ерулски - псевд. на Иван Тасов Гюров. - Офс. изд.
700 1# - Други автори (авторска отговорност)
Лично име Гюров, Иван Тасов
Автороска отговорност (Описва отношението между автора и произведението) *
9 (RLIN) 366856
852 ## - Местоположение
Форматна сигнатура Цб І 26943
Фондова буква Хранилище
856 4# - Електронен адрес и достъп
Електронен формат pdf - файл
856 4# - Електронен адрес и достъп
Електронен формат pdf - файл
999 ## - СИСТЕМНИ КОНТРОЛНИ НОМЕРА
Koha biblionumber 370667
Koha biblioitemnumber 370667
942 ## - АРТИКУЛИ
Вид на библиотечния материал Книги
Скрит в OPAC Не
Периодичен библиозапис Да
944 ## - СЪЗДАВАНЕ И РЕДАКЦИЯ на ЗАПИСА
Създаване/Редакция Създаване
Дата на регистрацията/редакция 2020-06-24
Служител, извършил регистрацията/редакцията В. Т.
Наличности
Код за отписване Код за изгубен артикул Източник на класификационната схема Код за повреда Код за отдаване Артикулен № Име на библиотеката - собственик Име на библиотеката, в която се намира в момента Статус (Текущо местоположение) Дата на вписване в системата Местоположение - отдел Цена в лева Инвентарен номер Систематично азбучна сигнатура Баркод Цена в евро Служебен тип на артикула
  Не е изгубен Universal Decimal Classification Не е повреден ползва се в читалня 778756 Регионална библиотека "Любен Каравелов" Русе Регионална библиотека "Любен Каравелов" Русе Хранилище 2020-06-25 Хранилище 0.18 580388 Цб І 26493 120000580388 0.09 Книги
Vip Innovations Ltd, Rousse, Bulgaria 2025